000 00291nam a2200097Ia 4500
008 220204s9999 xx 000 0 und d
082 _aNR:631.35NIL
_bRUB.16
245 0 _aRubber tappers' directory: Nilambur region.
260 _aKottayam
_bRubber Research Institute of India
_c2014
942 _cBK
999 _c44644
_d44644